000 00272nam a22001097a 4500
082 _a621.382 THE
100 _aMANOR.M
_965590
245 _aCOURSE DIGICOM , THEORY AND MODERN PRACTICE OF DIGITAL COMMUNICAITON
260 _aPDF
_bPDF
_c1985
300 _a277P
942 _cBK
999 _c573754
_d573754